000 00863nam a2200205 a 4500
001 000036017
005 20200930074814.0
008 111123s1958 ag 000 0 spa d
040 _aDO-SdBNP
_bspa
_cBNPHU
100 1 _aGurvitch, Georges
_d1894-1965
_962055
240 1 0 _aLes fondateurs francais de la sociologie contemporaine : Saint-Simon y Proudhon
_pEspañol
245 1 4 _aLos fundadores franceses de la sociología contemporánea :
_bSaint-Simon y Proudhon /
_cGeorges Gurvitch ; traducción Ana Goutman, Hilda Sito.
260 _aBuenos Aires, Argentina :
_bGalatea- Nueva Visión,
_c1958.
300 _a191 p. ;
_c20 cm.
490 1 _aEl hombre, la sociedad y la historia
500 _aIncluye notas al pie de páginas
700 1 _aGoutman, Ana
_etr.
_962056
700 1 _aSito, Hilda
_etr.
_962057
830 0 _aEl hombre, la sociedad y la historia
_962058
999 _c35508
_d35508